Instrucciones generales en forma de catecismo (Record no. 10910)
[ view plain ]
| 000 -CABECERA | |
|---|---|
| campo de control de longitud fija | 01724nam a22002657a 4500 |
| 001 - NÚMERO DE CONTROL | |
| campo de control | BRCA_9290 |
| 003 - IDENTIFICADOR DEL NÚMERO DE CONTROL | |
| campo de control | FranzMayer |
| 005 - FECHA Y HORA DE LA ÚLTIMA TRANSACCIÓN | |
| campo de control | 20230724121817.0 |
| 008 - DATOS DE LONGITUD FIJA--INFORMACIÓN GENERAL | |
| campo de control de longitud fija | 230724b |||||||| |||| 00| 0 eng d |
| 040 ## - FUENTE DE LA CATALOGACIÓN | |
| Centro catalogador/agencia de origen | MFM |
| Lengua de catalogación | esp |
| Centro/agencia transcriptor | MFM |
| 050 #4 - SIGNATURA TOPOGRÁFICA DE LA BIBLIOTECA DEL CONGRESO | |
| Número de clasificación | BE127 |
| Número de documento/Ítem | P68 1788 |
| 082 ## - NÚMERO DE LA CLASIFICACIÓN DECIMAL DEWEY | |
| Número de edición | BX6074 |
| 100 1# - ENTRADA PRINCIPAL--NOMBRE DE PERSONA | |
| Código de función/relación | Autor |
| Nombre de persona | Pouget, Francisco Amado |
| 9 (RLIN) | 28944 |
| 240 1# - TÍTULO UNIFORME | |
| Título uniforme | Instrucciones generales en forma de catecismo |
| Medio | En las quales por la sagrada escritura y la Tradición, se explican en compendio la Historia y los Dogmas de la Religion, la Moral Christiana, los Sacaramentos, la Oración, las ceremonias y usos de la Iglesia |
| Lenguaje de la obra | Español |
| 245 0# - MENCIÓN DE TÍTULO | |
| Título | Instrucciones generales en forma de catecismo |
| Resto del título | En las cuales por la sagrada escritura y la Tradición, se explican en compendió la Historia y los Dogmas de la religión, la Moral Christiana, los Sacramentos, la Oración, las ceremonias y usos de la Iglesia |
| 260 ## - PUBLICACIÓN, DISTRIBUCIÓN, ETC. | |
| Lugar de publicación, distribución, etc. | Madrid |
| Nombre del editor, distribuidor, etc. | Imprenta de Benito Cano |
| Fecha de publicación, distribución, etc. | 1788 |
| 300 ## - DESCRIPCIÓN FÍSICA | |
| Extensión | 392 p |
| Dimensiones | 20 cm |
| 500 ## - NOTA GENERAL | |
| Nota general | Con marca de fuego en las tres partes del lomo del libro: Franciscanas MFM-1211, de la Provincia de San Pedro y san Pablo de Michoacán |
| 505 0# - NOTA DE CONTENIDO CON FORMATO | |
| Nota de contenido con formato | Texto en: españolTraducido del: francésDirigido a: obispos, padres, personas pertenecientes a la iglesia católica así como asistentes de la misma.Incluye índice temático |
| 650 1# - PUNTO DE ACCESO ADICIONAL DE MATERIA--TÉRMINO DE MATERIA | |
| Fuente del encabezamiento o término | Cristianismo |
| Término de materia o nombre geográfico como elemento de entrada | Religión e iglesia |
| Subdivisión de forma | Catecismo |
| 9 (RLIN) | 28945 |
| 651 2# - PUNTO DE ACCESO ADICIONAL DE MATERIA--NOMBRE GEOGRÁFICO | |
| Fuente del encabezamiento o término | Catecismo |
| Nombre geográfico | Clases dominicales |
| Subdivisión de forma | Normas y rituales |
| 9 (RLIN) | 28946 |
| 700 1# - PUNTO DE ACCESO ADICIONAL--NOMBRE DE PERSONA | |
| Código de función/relación | Trad. |
| Nombre de persona | Lorenzana, Francisco Antonio |
| 9 (RLIN) | 28947 |
| 856 ## - LOCALIZACIÓN Y ACCESO ELECTRÓNICOS | |
| Especificación de materiales | http://www.marcasdefuego.buap.mx:8180/xmLibris/projects/firebrand/item.jsp?repository=marcas_de_fuego&map=1&key=marcas_de_fuego_franciscanas_20150807140752_1047.xml&num=136 |
| 942 ## - ELEMENTOS DE PUNTO DE ACCESO ADICIONAL (KOHA) | |
| Fuente del sistema de clasificación o colocación | Library of Congress Classification |
| Tipo de ítem Koha | Libros |
| Estado de retiro | Estado de pérdida | Fuente del sistema de clasificación o colocación | Estado dañado | No para préstamo | Código de colección | Localización permanente | Ubicación/localización actual | Fecha de adquisición | Fuente de adquisición | Total de préstamos | Signatura topográfica completa | Código de barras | Fecha visto por última vez | Precio válido a partir de | Tipo de ítem Koha |
|---|---|---|---|---|---|---|---|---|---|---|---|---|---|---|---|
| El ejemplar forma parte de la colección y puede ser consultado según las políticas vigentes. | Library of Congress Classification | Conventual Franz Mayer | Biblioteca del Museo Franz Mayer (Rogerio Casas-Alatriste) | Biblioteca del Museo Franz Mayer (Rogerio Casas-Alatriste) | 24/07/2023 | Donación | BE127 P68 1788 | CFM00526 | 24/07/2023 | 24/07/2023 | Libros |